Called to conquer : (Record no. 5999)
[ view plain ]
| 000 -LEADER | |
|---|---|
| fixed length control field | 01196cam a22002654a 4500 |
| 001 - CONTROL NUMBER | |
| control field | 16216628 |
| 003 - CONTROL NUMBER IDENTIFIER | |
| control field | OSt |
| 005 - DATE AND TIME OF LATEST TRANSACTION | |
| control field | 20190111152840.0 |
| 008 - FIXED-LENGTH DATA ELEMENTS--GENERAL INFORMATION | |
| fixed length control field | 100504s2010 miu 001 0 eng |
| 010 ## - LIBRARY OF CONGRESS CONTROL NUMBER | |
| LC control number | 2010018863 |
| 020 ## - INTERNATIONAL STANDARD BOOK NUMBER | |
| International Standard Book Number | 9780800794958 (pbk.) |
| 040 ## - CATALOGING SOURCE | |
| Original cataloging agency | DLC |
| Transcribing agency | DLC |
| 050 00 - LIBRARY OF CONGRESS CALL NUMBER | |
| Classification number | BV4740 |
| Item number | .P75 2010 |
| 082 00 - DEWEY DECIMAL CLASSIFICATION NUMBER | |
| Classification number | 248 |
| Edition number | 22 |
| Item number | P954c |
| 100 1# - MAIN ENTRY--PERSONAL NAME | |
| Personal name | Prince, Derek. |
| 245 10 - TITLE STATEMENT | |
| Title | Called to conquer : |
| Remainder of title | finding your assignment in the kingdom of God / |
| Statement of responsibility, etc. | Derek Prince. |
| 260 ## - PUBLICATION, DISTRIBUTION, ETC. | |
| Place of publication, distribution, etc. | Grand Rapids, MI : |
| Name of publisher, distributor, etc. | Chosen, |
| Date of publication, distribution, etc. | c2010. |
| 300 ## - PHYSICAL DESCRIPTION | |
| Extent | 157 p. : |
| Dimensions | 22 cm. |
| 500 ## - GENERAL NOTE | |
| General note | Includes index. |
| 505 0# - FORMATTED CONTENTS NOTE | |
| Formatted contents note | The upward call -- What exactly is a calling? -- Seven steps to finding your place -- Giftings: the tools you need -- The ministry gifts -- The greatest obstacle to fulfilling your call -- The enemy in the church -- The one who guides you -- Your "self" must cooperate -- The new self: where you are headed -- Completing your assignment -- The hope of your calling -- A kingdom of priests. |
| 650 #0 - SUBJECT ADDED ENTRY--TOPICAL TERM | |
| Topical term or geographic name entry element | Vocation |
| General subdivision | Christianity. |
| 906 ## - LOCAL DATA ELEMENT F, LDF (RLIN) | |
| a | 7 |
| b | cbc |
| c | orignew |
| d | 1 |
| e | ecip |
| f | 20 |
| g | y-gencatlg |
| 942 ## - ADDED ENTRY ELEMENTS (KOHA) | |
| Source of classification or shelving scheme | Dewey Decimal Classification |
| Koha item type | Books |
| Withdrawn status | Lost status | Source of classification or shelving scheme | Damaged status | Not for loan | Collection code | Home library | Current library | Shelving location | Date acquired | Cost, normal purchase price | Total Checkouts | Full call number | Barcode | Date last seen | Price effective from | Koha item type |
|---|---|---|---|---|---|---|---|---|---|---|---|---|---|---|---|---|
| Dewey Decimal Classification | Non-fiction | Harvest Mission College | Harvest Mission College | General Stacks | 11.01.2019 | 250.00 | 248 P954c | 006838 | 11.01.2019 | 11.01.2019 | Books |
